Регионална библиотека "Любен Каравелов" - Русе

Сто писма (Запис номер 73066)

MARC детайли
000 -Лидер
Контролно поле с фиксирана дължина 01742nam a2200397 c 4500
003 - Код на организацията, давaща контролен номер
Контролно поле BLK
005 - Дата и час на последна редакция
Контролно поле 20180422103331.0
008 - Елементи от данни с фиксирана дължина
fixed length control field 180408b bul|||||r ||||||| ||bul||
010 ## - Наследен системен номер
LC control number KNG00077446000
020 ## - Международен стандартен номер на книга ISBN
Международен стандартен номер на книга ISBN 954-450-142-8
-- издат.: ЕА
040 ## - Източник на каталожния запис
Идентификатор на билиотеката - собственик на записа BLK
041 ## - Код за език
Код за езика на текст/звукозапис или на отделно заглавие Български
Код за езика КДБФ Български
080 ## - УДК
Текстов определител УДК Психологически системи и учения. Вж и 159.964.2
УДК код - определител по УДК 159.9.019
УДК определител (494)(092)(044)
УДК - код + определител 159.9.019(494)(092)(044)
080 ## - УДК
Текстов определител УДК Безсъзнателно и подсъзнателно
УДК код - определител по УДК 159.964
УДК определител (494)(092)(044)
УДК - код + определител 159.964(494)(092)(044)
080 ## - УДК
Текстов определител УДК Швейцарски психолог и психиатър, ученик на Зигмунд Фройд
УДК код - определител по УДК 929 Юнг, Карл Густав
УДК определител
УДК - код + определител 929 Юнг, Карл Густав
100 1# - Редна дума - Автор
Автор Юнг, Карл Густав
Авторска отговорност първи автор
R(LIN) 364054
139 ## - Редно поле
Редна дума Юнг, Карл Густав
Авторски знак Ют - Ю 37
245 10 - Сведения за заглавието
Заглавие Сто писма
Подзаглавни данни Подбор
Редно поле (дума) Карл Густав Юнг; подб. и прев. Аниела Жафе; прев. Ивета Милева.
257 ## - Страна на издаване
Страна на създаване/издаване Швейцария
260 ## - Област на издателските данни
-- Плевен
Име на издателя, разпространителя и проч. ЕА
Година на издаване 2006
300 ## - Физическа характеристика
Страници 195 с.
Размери/Мащаб 20 см
380 ## - Жанр
Жанр Философия
490 1# - СЕРИИ (Колекции)
Име на серия За човека
500 ## - Общи забележки
Забележка Прев. от Briefe 1906-1961 / C. G. Jung. - Съдържа Живот в дати
600 14 - Име на лице, използвано като предмет
За него / За нея Юнг, Карл Густав
9 (RLIN) 364054
650 #4 - Допълнително описание по предмет – тема
Основно описание – тема или топоним Психолози, швейцарски
9 (RLIN) 252354
653 ## - Ключова дума – ненормативна
Ключова дума психология
653 ## - Ключова дума – ненормативна
Ключова дума Карл Густав Юнг
700 1# - Други автори (авторска отговорност)
Лично име Жафе, Аниела
Автороска отговорност (Описва отношението между автора и произведението) подб. и прев.
9 (RLIN) 67870
700 1# - Други автори (авторска отговорност)
Лично име Милева, Ивета
Автороска отговорност (Описва отношението между автора и произведението) прев.
9 (RLIN) 368858
852 ## - Местоположение
Форматна сигнатура Цб 235527
856 4# - Електронен адрес и достъп
Електронен формат pdf - файл
Път до файла /url/
856 4# - Електронен адрес и достъп
Електронен формат pdf - файл
Път до файла /url/
942 ## - АРТИКУЛИ
Вид на библиотечния материал Книги
Скрит в OPAC Не
944 ## - СЪЗДАВАНЕ И РЕДАКЦИЯ на ЗАПИСА
Създаване/Редакция Създаване
Дата на регистрацията/редакция 15.08.2007
Служител, извършил регистрацията/редакцията Цветанка_Енчева
944 ## - СЪЗДАВАНЕ И РЕДАКЦИЯ на ЗАПИСА
Създаване/Редакция Редакция
Дата на регистрацията/редакция 24.08.2007
Служител, извършил регистрацията/редакцията
999 ## - СИСТЕМНИ КОНТРОЛНИ НОМЕРА
Koha biblionumber 73066
Koha biblioitemnumber 73066
Наличности
Код за отписване Код за изгубен артикул Код за повреда Коз за рестрикции Код за отдаване Артикулен № Име на библиотеката - собственик Име на библиотеката, в която се намира в момента Статус (Текущо местоположение) Дата на вписване в системата Местоположение - отдел Цена в лева Инвентарен номер Систематично азбучна сигнатура Баркод Номер на екземпляра Цена в евро Служебна бележка Служебен тип на артикула
  Не е изгубен Не е повреден без рестрикции ползва се в читалня 118794 Регионална библиотека "Любен Каравелов" Русе Регионална библиотека "Любен Каравелов" Русе Хранилище 2007-08-14 Хранилище 0.00 120000716663 Цб 235527 120000716663 1 0.00 Дост: Dp Вид: Д N: 14 Дата: 15.03.2007 Книги
Vip Innovations Ltd, Rousse, Bulgaria 2025